Les prénoms des présentateurs du JT de 20 heures de France 2 - Statistiques

Statistiques générales
  • Ce quiz a été pris 43 fois
  • Le résultat moyen est 25 sur 48
Statistiques - réponses
DATES Prénom et Nom % Correct
Femmes 2017-? {Anne-Sophie} Lapix
91%
Hommes 1975-1979 {Patrick} Lecocq
91%
Hommes 1976-1983 {Patrick} Poivre d'Arvor
91%
Hommes 1975-1977 {Jean} Lanzi
88%
Hommes 2006-? {Laurent} Delahousse
88%
Hommes 2021 {David} Boéri
85%
Hommes 2001-2017 {David} Pujadas
85%
Hommes 1979-1981 {Léon} Zitrone
82%
Femmes 2008-2016 {Marie} Drucker
82%
Hommes 1977 {Jean-Pierre} Elkabbach
79%
Femmes 1997-2007 {Béatrice} Schönberg
74%
Hommes 1977-1981 {Gérard} Holtz
74%
Hommes 2017-2024 {Thomas} Sotto
74%
Hommes 1990-1998 {Bruno} Masure
71%
Femmes 1981 à 1985 / 1988-1989 {Christine} Ockrent
71%
Hommes 1982 / 1986-1987 / 1998-2001 {Claude} Sérillon
71%
Hommes 2011-2020 {Julian} Bugier
71%
Hommes 2019-2022 {Julien} Benedetto
71%
Femmes 2003-2006 {Carole} Gaessier
68%
Hommes 1976-1977 / 1985 / 1987-1990 / 1995-1998 {Daniel} Bilalian
62%
Hommes 1987 {Daniel} Leconte
62%
Hommes 1987-1988 / 1990-1992 {Henri} Sannier
62%
Hommes 1983-1987 {Bernard} Rapp
53%
Femmes 2016-2020 {Marie-Sophie} Lacarrau
53%
Hommes 2010-2022 {Nathanaël} de Rincquesen
53%
Hommes 1992-1994 {Paul} Amar
53%
Hommes 1975-1977 {Paul} Lefèvre
53%
Femmes 2010 / 2019 {Sophie} Le Saint
47%
Femmes 1999-2008 {Françoise} Laborde
44%
Hommes 1975-1976 {Jean-Marie} Cavada
44%
Femmes 2016-2017 / 2021-2022 {Leila} Kaddour-Boudadi
41%
Hommes 2015 / 2018-2019 / 2011-2022 {Jean-Baptiste} Marteau
38%
Hommes 2007-2010 {Olivier} Galzi
38%
Femmes 2024 {Maya} Lauqué
35%
Femmes 2020-? {Karine} Baste-Régis
32%
Hommes 2000-2001 {Benoît} Duquesne
26%
Hommes 1994-1995 {Etienne} Leenhardt
26%
Hommes 1989 1990 {Philippe} Gassot
26%
Hommes 1977-1981 / 1983 / 1987 / 1997-1998 {Philippe} Harrouard
26%
Hommes 1988-1990 {Philippe} Lefait
26%
Hommes 1981-1983 /1988-1990 / 1992-1994 {Hervé} Claude
24%
Femmes 1981 {Patricia} Charnelet
21%
Hommes 1977 {Jean-Claude} Mangeot
15%
Hommes 2001-2003 {Antoine} Cormery
12%
Hommes 1976-1977 {Didier} Lecat
9%
Hommes 1975-1976 {Guy} Thomas
9%
Femmes 1976 {Hélène} Vida
6%
Hommes 1987 {Norbert} Balit
6%
Aucun quiz correspondant
Distribution des résultats
% des personnes avec chaque résultat
Percentile par nombre de réponses
Votre historique - résultats
Vous n’avez pas pris ce quiz